Movie company logos - Statistics

General Stats
  • This quiz has been taken 345 times
  • The average score is 8 of 10
Answer Stats
Picture Answer % Correct
Walt Disney pictures
96%
Paramount Pictures
94%
Dreamworks
93%
Pixar
91%
Universal
90%
Warner Bros.
89%
Summit entertainment
67%
20th century fox
61%
Columbia pictures
56%
Studio ghibli
39%
No matching quizzes found
Score Distribution
Percent of People with Each Score
Percentile by Number Answered
Your Score History
You have not taken this quiz